[Event "Titled Tue 26th Aug Late"]
[Site "chess.com INT"]
[Date "2025.08.26"]
[Round "9"]
[White "Andreikin, Dmitry"]
[Black "Carlsen, Magnus"]
[Result "0-1"]
[WhiteTitle "GM"]
[BlackTitle "GM"]
[WhiteElo "2695"]
[BlackElo "2839"]
[WhiteFideId "4158814"]
[BlackFideId "1503014"]
[EventDate "2025.08.26"]

1. d4 d5 2. c4 e6 3. Nc3 Nf6 4. Nf3 c6 5. e3 Nbd7 6. Qc2 b6 7. b3 Bb7 8. Bb2 Rc8
9. Rd1 Bd6 10. Bd3 O-O 11. O-O c5 12. cxd5 exd5 13. Bf5 c4 14. Qb1 g6 15. Bh3 a6
16. bxc4 Rxc4 17. Nd2 Rc7 18. Rc1 b5 19. Nb3 Nb6 20. Nc5 Bc8 21. Bxc8 Qxc8 22.
e4 dxe4 23. N3xe4 Nxe4 24. Nxe4 Be7 25. d5 Nxd5 26. Qd3 Rxc1 27. Rxc1 Qe6 28. g3
Rd8 29. Nc5 Qb6 30. Bd4 Bf6 31. Nb7 Nb4 32. Bxb6 Rxd3 33. Rc8+ Kg7 34. Bc5 Bc3
35. Bf8+ Kf6 36. Nc5 Rd1+ 37. Kg2 Be1 38. Nxa6 Nxa6 39. Rc6+ Ke5 40. Bg7+ Kd5
41. Rxa6 b4 42. Ra7 Bc3 43. Rxf7 Ke6 0-1

[Event "Titled Tue 26th Aug Late"]
[Site "chess.com INT"]
[Date "2025.08.26"]
[Round "9"]
[White "Mastrovasilis, Athanasios"]
[Black "Subervi, Jonathan Sigfredo"]
[Result "1-0"]
[WhiteTitle "GM"]
[BlackTitle "FM"]
[WhiteElo "2424"]
[BlackElo "2007"]
[WhiteFideId "4201990"]
[BlackFideId "6400345"]
[EventDate "2025.08.26"]

1. d4 Nf6 2. c4 c5 3. d5 b5 4. Qc2 g6 5. e4 bxc4 6. Nd2 d6 7. Bxc4 Bg7 8. Ngf3
O-O 9. O-O Ba6 10. Bxa6 Nxa6 11. a3 Nd7 12. Nc4 Nb6 13. Bd2 Nc7 14. Na5 e6 15.
dxe6 Nxe6 16. Bc3 Bxc3 17. Qxc3 d5 18. Nc6 Qd7 19. Nfe5 Qb7 20. exd5 Nxd5 21.
Qf3 Ne7 22. Rad1 Nxc6 23. Nxc6 Rac8 24. Rd6 Rc7 25. Rfd1 Qxb2 26. h4 Rfc8 27.
Rd7 Rxd7 28. Rxd7 Rf8 29. h5 Qc1+ 30. Kh2 Qh6 31. Ne7+ Kg7 32. Nd5 Qxh5+ 33.
Qxh5 gxh5 34. Rxa7 Rc8 35. Ne7 Rb8 36. Nf5+ Kf6 37. Nd6 Rb2 38. Rxf7+ Ke5 39.
Nc4+ Kd5 40. Nxb2 h4 41. Rxh7 c4 42. Nxc4 Kxc4 43. Rxh4+ Kd5 44. Rb4 Kc6 45. f4
Nc5 46. g4 Nd3 47. f5 Kd6 48. g5 Ke7 49. Rb7+ Kf8 50. g6 Ne5 51. Kg3 Nd7 52.
Rxd7 Ke8 53. Rf7 Kd8 54. Kf4 Ke8 55. Ke5 Kd8 56. Kf6 Ke8 57. g7 Kd8 58. g8=R# 1-0

[Event "Titled Tue 26th Aug Late"]
[Site "chess.com INT"]
[Date "2025.08.26"]
[Round "9"]
[White "Erigaisi, Arjun"]
[Black "Kravtsiv, Martyn"]
[Result "1-0"]
[WhiteTitle "GM"]
[BlackTitle "GM"]
[WhiteElo "2776"]
[BlackElo "2598"]
[WhiteFideId "35009192"]
[BlackFideId "14113147"]
[EventDate "2025.08.26"]

1. d4 d5 2. Nf3 Nf6 3. Bg5 e6 4. e3 b6 5. Nbd2 Bb7 6. Bd3 Be7 7. O-O O-O 8. c3
Nbd7 9. a4 a5 10. h3 Ne4 11. Bxe7 Qxe7 12. Bb5 c6 13. Be2 c5 14. Nxe4 dxe4 15.
Nd2 e5 16. Nc4 exd4 17. exd4 Rfd8 18. Qd2 Ba6 19. Rfd1 cxd4 20. cxd4 h6 21. Rac1
Rac8 22. b3 Bxc4 23. bxc4 Rc6 24. Rb1 Rg6 25. Rb5 Rd6 26. Qb2 g6 27. Rc1 Qf6 28.
c5 bxc5 29. dxc5 Qxb2 30. Rxb2 Rc6 31. Rb5 Rdc8 32. Rxa5 Nxc5 33. Rc4 Nb3 34.
Rxc6 Rxc6 35. Re5 f5 36. a5 Nd4 37. Bf1 Rc1 38. a6 Ra1 39. Rd5 Nc6 40. Rd6 Nb4
41. Rxg6+ Kf7 42. Rxh6 Nd5 43. Rd6 Nc3 44. g3 Ke7 45. Rh6 Nd1 46. a7 1-0

[Event "Titled Tue 26th Aug Late"]
[Site "chess.com INT"]
[Date "2025.08.26"]
[Round "9"]
[White "Paval, George"]
[Black "Haarh, Simon Bjork"]
[Result "1-0"]
[BlackTitle "CM"]
[WhiteElo "2139"]
[BlackElo "2195"]
[WhiteFideId "1214233"]
[BlackFideId "1470515"]
[EventDate "2025.08.26"]

1. d4 Nf6 2. c4 e6 3. Nf3 c5 4. g3 b6 5. Bg2 Bb7 6. O-O Be7 7. d5 exd5 8. Nh4
Ne4 9. Nf5 g6 10. Nxe7 Qxe7 11. cxd5 O-O 12. Nc3 Nxc3 13. bxc3 d6 14. c4 Nd7 15.
Bb2 Rfe8 16. Re1 Ne5 17. Qc2 Ba6 18. Qc3 f6 19. f4 Nxc4 20. Qxf6 Qe3+ 21. Kh1
Nxb2 22. Qxb2 Bxe2 23. a4 Qd3 24. Ra3 Bf3 25. Raa1 Bxg2+ 26. Qxg2 Re3 27. Rxe3
Qxe3 28. a5 b5 29. h3 Re8 30. Rf1 c4 31. f5 Qe4 32. fxg6 Qxg2+ 33. Kxg2 hxg6 34.
Rf6 Kg7 35. Rxd6 Re2+ 36. Kf3 Rd2 37. Rd7+ Kf6 38. Rxa7 Rxd5 39. Rb7 Rc5 40. a6
Rc6 41. a7 Ra6 42. Rb6+ Rxb6 43. a8=Q Re6 44. Qf8+ Ke5 45. Qc5+ Kf6 46. Qxb5 Re5
47. Qxc4 Rf5+ 48. Kg2 Re5 49. Qd4 Kf5 50. g4+ Ke6 51. Kf3 g5 52. Qd3 Kf6 53. Qh7
Re7 54. Qh6+ 1-0

[Event "Titled Tue 26th Aug Late"]
[Site "chess.com INT"]
[Date "2025.08.26"]
[Round "9"]
[White "Malassagne, Isabelle"]
[Black "Perelygin, Mikhail"]
[Result "0-1"]
[WhiteTitle "WFM"]
[BlackTitle "CM"]
[WhiteElo "2134"]
[BlackElo "2227"]
[WhiteFideId "20670265"]
[BlackFideId "24153630"]
[EventDate "2025.08.26"]

1. d4 Nf6 2. c4 e6 3. Nf3 Bb4+ 4. Nbd2 b6 5. g3 Bb7 6. Bg2 c5 7. d5 exd5 8. Nh4
Qc7 9. Nf5 O-O 10. cxd5 d6 11. e4 Bc8 12. O-O Bxf5 13. exf5 Bxd2 14. Bxd2 Nbd7
15. Bc3 b5 16. a3 a5 17. b3 b4 18. Bb2 c4 19. bxc4 Qxc4 20. h3 Rfc8 21. axb4
axb4 22. Rxa8 Rxa8 23. g4 Ra2 24. Bd4 b3 25. Re1 h6 26. Be3 b2 27. Bf1 Qb4 28.
Bd2 Qb6 29. Be3 Nc5 30. Bxc5 dxc5 31. Bd3 Nxd5 32. f6 g6 33. Qc2 Nxf6 34. Bxg6
Ra1 35. Rb1 Rxb1+ 36. Qxb1 fxg6 37. Qxg6+ Kf8 38. Qxh6+ Ke7 39. Qe3+ Kd7 40.
Qd3+ Kc7 41. Qb1 c4 42. g5 Nh5 43. g6 c3 44. Kg2 Kb8 0-1

[Event "Titled Tue 26th Aug Late"]
[Site "chess.com INT"]
[Date "2025.08.26"]
[Round "9"]
[White "Shafer, Logan C"]
[Black "Ocampos, Ian"]
[Result "0-1"]
[WhiteTitle "CM"]
[WhiteElo "2234"]
[BlackElo "2195"]
[WhiteFideId "30993342"]
[BlackFideId "117544"]
[EventDate "2025.08.26"]

1. e4 c5 2. Nf3 a6 3. c3 g6 4. d4 cxd4 5. cxd4 d5 6. e5 Nc6 7. h3 Bg7 8. Be2 f6
9. O-O fxe5 10. dxe5 Nxe5 11. Re1 Nf7 12. Nc3 Nf6 13. Bd3 O-O 14. Bf4 e6 15. Ne5
Nh5 16. Bh2 Nxe5 17. Bxe5 Bxe5 18. Rxe5 Qf6 19. Qe1 Nf4 20. Bf1 Bd7 21. g3 Nh5
22. Rd1 Rac8 23. Bg2 b5 24. f4 Rc4 25. Ne2 Ng7 26. Nd4 Kh8 27. b3 Rc7 28. Rc1
Rfc8 29. Rxc7 Rxc7 30. Kh2 h6 31. Qa5 Rc1 32. Qxa6 Rd1 33. Nf3 Qd8 34. Nh4 Kh7
35. Qd6 Qe8 36. Qb4 Qc8 37. Qe7 Qe8 38. Qf6 Rd2 39. Nf3 Rxa2 40. Kh1 Ra1+ 41.
Kh2 Ra2 42. g4 Qc8 43. Nh4 Qc2 44. Qf7 Bc6 45. Kg3 Qf2+ 46. Kh2 d4 47. Rxe6 Qxh4
48. Qxg6+ Kg8 49. Rxc6 Qd8 50. Rd6 Qa8 51. Kg3 Qxg2+ 52. Kh4 Qf2# 0-1

[Event "Titled Tue 26th Aug Late"]
[Site "chess.com INT"]
[Date "2025.08.26"]
[Round "9"]
[White "Kao, Jamison Edrich"]
[Black "Amirkul, Alimzhan"]
[Result "1-0"]
[WhiteTitle "CM"]
[BlackTitle "FM"]
[WhiteElo "2081"]
[BlackElo "2242"]
[WhiteFideId "6007937"]
[BlackFideId "13718428"]
[EventDate "2025.08.26"]

1. e4 c5 2. Nf3 Nc6 3. Bb5 e5 4. Nc3 Bd6 5. d3 a6 6. Bxc6 dxc6 7. h3 Ne7 8. Be3
O-O 9. a4 a5 10. Nd2 b6 11. Qe2 Be6 12. Nc4 Bc7 13. g3 h6 14. O-O-O Qd7 15. f4
Bxh3 16. f5 Bxf5 17. exf5 Nxf5 18. Bf2 Nd4 19. Qh5 Rfe8 20. Ne4 f5 21. Bxd4 cxd4
22. Qxh6 fxe4 23. Qh7+ Kf7 24. Rdf1+ Ke7 25. Qh4+ Ke6 26. Qg4+ Ke7 27. Qg5+ Ke6
28. Qg6+ Kd5 29. Rf7 Re7 30. Qxe4+ Kc5 31. Rxe7 Qxe7 32. Re1 Re8 33. c3 Qg5+ 34.
Kb1 Rd8 35. Rc1 b5 36. cxd4+ Rxd4 37. Nxe5+ Rc4 38. Rxc4+ bxc4 39. d4+ Kb4 40.
Nxc6+ Kxa4 41. Qc2+ Kb5 42. Ne5 Bxe5 43. dxe5 Qxe5 44. Qg6 Qe1+ 45. Ka2 Qe7 46.
Qf5+ Qc5 47. Qf7 g5 48. Qb7+ Ka4 49. Qd7+ Kb4 50. Qb7+ Ka4 51. Qd7+ Qb5 52. Qg4
Qb3+ 53. Ka1 1-0

[Event "Titled Tue 26th Aug Late"]
[Site "chess.com INT"]
[Date "2025.08.26"]
[Round "9"]
[White "Clawitter, Craig"]
[Black "Kurpiewski, Slawomir"]
[Result "0-1"]
[BlackTitle "CM"]
[WhiteElo "2050"]
[BlackElo "1973"]
[WhiteFideId "2023105"]
[BlackFideId "1114530"]
[EventDate "2025.08.26"]

1. e4 e5 2. Nf3 Nc6 3. Bb5 a6 4. Ba4 Nf6 5. O-O Be7 6. d3 b5 7. Bb3 O-O 8. Nc3
d6 9. a4 Rb8 10. axb5 axb5 11. Nd5 Nxd5 12. Bxd5 Nb4 13. Bb3 c5 14. c3 Nc6 15.
d4 c4 16. Bc2 Bf6 17. Be3 Bg4 18. d5 Ne7 19. h3 Bd7 20. Nh2 Ng6 21. Ng4 Be7 22.
Ba7 Ra8 23. Ne3 Qc7 24. Nf5 Rxa7 25. Rxa7 Qxa7 26. Nxe7+ Nxe7 27. Kh2 f5 28.
exf5 Bxf5 29. Bxf5 Rxf5 30. Qg4 g6 31. f4 exf4 32. Rxf4 Rxf4 33. Qxf4 Qd7 34.
Qd4 Nf5 35. Qb6 Kg7 36. g4 Ne7 37. Kg3 Ng8 38. Qd4+ Kf8 39. h4 Qg7 40. Qf4+ Ke7
41. Kg2 Qe5 42. Qf2 Nf6 43. Qa7+ Nd7 44. Qb7 Qe4+ 45. Kh3 Qf3+ 46. Kh2 Qf2+ 47.
Kh3 Qxb2 48. h5 Qxc3+ 49. Kh4 b4 50. hxg6 hxg6 51. Kg5 Qf6+ 52. Kh6 b3 53. g5
Qf5 54. Qc6 Qh3+ 55. Kxg6 b2 56. Qxc4 b1=Q+ 57. Kg7 Qhh7# 0-1

[Event "Titled Tue 26th Aug Late"]
[Site "chess.com INT"]
[Date "2025.08.26"]
[Round "9"]
[White "Demaria, Juan Pablo"]
[Black "Rossi, Maximiliano"]
[Result "1-0"]
[WhiteTitle "FM"]
[WhiteElo "2215"]
[BlackElo "2013"]
[WhiteFideId "104922"]
[BlackFideId "113425"]
[EventDate "2025.08.26"]

1. e4 d6 2. d4 g6 3. Nc3 a6 4. h4 h5 5. Bg5 Nd7 6. Qd2 Ngf6 7. O-O-O Bg7 8. Bd3
b5 9. f4 Bb7 10. e5 b4 11. exf6 bxc3 12. Qe1 Nxf6 13. bxc3 O-O 14. Nf3 Bxf3 15.
gxf3 Qd7 16. f5 gxf5 17. Rg1 Kh7 18. Qg3 Rg8 19. Rde1 e6 20. Kd2 Bh6 21. c4 Rg7
22. Qf4 Rag8 23. Re2 Qa4 24. Reg2 Qb4+ 25. Ke2 Rg6 26. Kf2 Qc3 27. Bxh6 Rxg2+
28. Rxg2 Rxg2+ 29. Kxg2 Qe1 30. Bg5 Ne8 31. Qe3 Qa1 32. Bxf5+ Kg8 33. Bd3 Ng7
34. Qe4 f5 35. Qe2 Qxd4 36. Bh6 Qf6 37. Bg5 Qd4 38. Qf2 Qc3 39. Qe3 Qb2 40. Kg3
e5 41. Be2 f4+ 42. Bxf4 exf4+ 43. Qxf4 Qe5 44. Qxe5 dxe5 45. f4 Ne6 46. fxe5 Nd4
47. Bd3 Kf7 48. Kf4 Ne6+ 49. Kf5 Nd4+ 50. Kg5 Nf3+ 51. Kxh5 Nxe5 52. Kg5 Nc6 53.
h5 Nd4 54. h6 Kg8 55. Kf6 Kh8 56. Ke7 Nf5+ 57. Kd7 Nxh6 58. Kxc7 Nf7 59. Kb6 Nd6
60. c5 Nc8+ 61. Kxa6 1-0

[Event "Titled Tue 26th Aug Late"]
[Site "chess.com INT"]
[Date "2025.08.26"]
[Round "9"]
[White "Niemann, Hans Moke"]
[Black "Aravindh, Chithambaram VR."]
[Result "1-0"]
[WhiteTitle "GM"]
[BlackTitle "GM"]
[WhiteElo "2736"]
[BlackElo "2723"]
[WhiteFideId "2093596"]
[BlackFideId "5072786"]
[EventDate "2025.08.26"]

1. e4 c5 2. Nf3 Nc6 3. Bb5 g6 4. Bxc6 dxc6 5. d3 Bg7 6. h3 Nf6 7. e5 Nd5 8. O-O
O-O 9. Re1 b6 10. Nbd2 h6 11. a3 a5 12. a4 Bf5 13. Nf1 g5 14. Ng3 Bg6 15. h4 g4
16. Nh2 h5 17. Nxg4 hxg4 18. Qxg4 Qc8 19. Qg5 Nc7 20. h5 Ne6 21. Qh4 Bh7 22. Bd2
Re8 23. f4 Nd4 24. Rf1 Nf5 25. Nxf5 Qxf5 26. g4 Qd7 27. Bc3 Qd5 28. h6 Bh8 29.
Rae1 b5 30. b3 c4 31. bxc4 bxc4 32. d4 c5 33. dxc5 Qxc5+ 34. Kh2 Rad8 35. f5 Rd5
36. Qg5+ Kf8 37. Qf4 Red8 38. Re3 Rd2+ 39. Bxd2 Rxd2+ 40. Kh3 Qd5 41. Rff3 Rxc2
42. e6 Qb7 43. g5 Qb2 44. g6 Qb1 45. g7+ Bxg7 46. hxg7+ Kg8 47. exf7+ Kxf7 48.
Rg3 Qh1+ 49. Kg4 Qd1+ 50. Kg5 Qa1 51. Qe5 Qxe5 52. Rxe5 c3 53. Rge3 1-0

[Event "Titled Tue 26th Aug Late"]
[Site "chess.com INT"]
[Date "2025.08.26"]
[Round "9"]
[White "Kaufman, David"]
[Black "Becking, Stephan"]
[Result "1-0"]
[WhiteTitle "IM"]
[BlackTitle "IM"]
[WhiteElo "2447"]
[BlackElo "2410"]
[WhiteFideId "34220194"]
[BlackFideId "4632478"]
[EventDate "2025.08.26"]

1. Nf3 d5 2. c4 c6 3. d4 Nf6 4. Nc3 e6 5. Bg5 Be7 6. e3 Ne4 7. Nxe4 dxe4 8. Bxe7
Qxe7 9. Nd2 f5 10. Be2 O-O 11. O-O Nd7 12. c5 e5 13. Nc4 exd4 14. exd4 Nf6 15.
Nd6 Be6 16. Qd2 Rfd8 17. f3 Rxd6 18. cxd6 Qxd6 19. fxe4 Nxe4 20. Qe3 Rd8 21.
Rad1 g6 22. Bf3 Bd5 23. Rfe1 Kg7 24. a3 a5 25. g3 a4 26. Qf4 Qxf4 27. gxf4 Kf6
28. Re3 h6 29. Bg2 g5 30. fxg5+ hxg5 31. Rh3 Kg6 32. Rf1 Bc4 33. Rd1 Bd5 34. Re3
g4 35. Rde1 Kg5 36. Bxe4 Bxe4 37. Rxe4 fxe4 38. Rxe4 Kf5 39. Re7 b5 40. Rc7 Rxd4
41. Rxc6 Rd1+ 42. Kf2 Rd2+ 43. Kg3 Rxb2 44. Rc5+ Ke4 45. Kxg4 Kd4 46. Rf5 Kc4
47. h4 Rg2+ 48. Kh3 Rg1 49. Rf4+ Kc5 50. h5 Ra1 51. h6 Rxa3+ 52. Kg4 Ra1 53. h7
Rh1 54. Rf5+ Kb4 55. Rh5 Rg1+ 56. Kf3 Rf1+ 57. Ke3 Rf8 58. h8=Q Rxh8 59. Rxh8
Kb3 60. Kd2 b4 61. Kc1 Ka2 62. Rh2+ Ka3 63. Kb1 Kb3 64. Rh3+ Kc4 65. Rh4+ Kb5
66. Kb2 Kc5 67. Kc2 Kb5 68. Kd3 a3 69. Kc2 Ka4 70. Rg4 Ka5 71. Kb3 1-0

[Event "Titled Tue 26th Aug Late"]
[Site "chess.com INT"]
[Date "2025.08.26"]
[Round "9"]
[White "Arnold, Rhys"]
[Black "Fernandes, Rogerio Paulo Muller"]
[Result "1-0"]
[WhiteTitle "FM"]
[WhiteElo "2269"]
[BlackElo "2241"]
[WhiteFideId "1068849"]
[BlackFideId "2101599"]
[EventDate "2025.08.26"]

1. e4 e6 2. d4 d5 3. e5 c5 4. c3 Nc6 5. Nf3 Qb6 6. Be2 cxd4 7. cxd4 Nh6 8. Bd3
Nf5 9. Bxf5 exf5 10. Nc3 Be6 11. O-O h6 12. Na4 Qd8 13. Ne1 Be7 14. Be3 O-O 15.
Nd3 Rc8 16. Nac5 b5 17. Qb3 Qb6 18. Rfd1 Na5 19. Qc2 Nc4 20. b3 Nxe3 21. fxe3 b4
22. Qd2 a5 23. a3 bxa3 24. Rxa3 Ra8 25. Rda1 Bd8 26. b4 a4 27. Rxa4 Rxa4 28.
Rxa4 Qb5 29. Ra1 Bg5 30. Nf4 Bxf4 31. exf4 Rb8 32. Rb1 Qc4 33. Qb2 Rb5 34. Kh1
g5 35. fxg5 hxg5 36. Qd2 f4 37. h3 Bf5 38. Rb2 Kg7 39. Kh2 Kg6 40. Rb3 Rb8 41.
Qc3 Qb5 42. Ra3 Rh8 43. Ra6+ Kg7 44. e6 Qf1 45. Qf3 Qxf3 46. gxf3 Rxh3+ 47. Kg2
fxe6 48. Nxe6+ Bxe6 49. Rxe6 Rg3+ 50. Kf2 Rh3 51. Kg2 Rg3+ 52. Kf2 Rh3 53. Re5
Kf6 54. Rxd5 Rh2+ 55. Kg1 Rb2 56. b5 Kg6 57. Rd6+ Kf5 58. b6 g4 59. fxg4+ Kxg4
60. Rg6+ Kf3 61. d5 Rb1+ 62. Kh2 Ke4 63. d6 f3 64. d7 Rd1 65. Re6+ Kf4 66. Rf6+
Kg4 67. b7 Rd2+ 68. Kg1 Kg3 69. Rg6+ Kf4 70. b8=Q+ Ke3 71. Qb6+ Ke2 72. Re6+ Kd1
73. Qb1# 1-0

[Event "Titled Tue 26th Aug Late"]
[Site "chess.com INT"]
[Date "2025.08.26"]
[Round "9"]
[White "Sobek, Jaroslav"]
[Black "Vazelakis, Dimitrios"]
[Result "1-0"]
[WhiteTitle "FM"]
[WhiteElo "2195"]
[BlackElo "1858"]
[WhiteFideId "301388"]
[BlackFideId "4203674"]
[EventDate "2025.08.26"]

1. d4 Nf6 2. c4 d6 3. Nf3 Nbd7 4. Bf4 c5 5. d5 g6 6. Nc3 Bg7 7. h3 a6 8. e3 b5
9. cxb5 axb5 10. Bxb5 Qa5 11. O-O O-O 12. a4 Ba6 13. Ra3 Nb6 14. e4 Nc4 15. Bxc4
Bxc4 16. Re1 Rfb8 17. Qc2 Qb4 18. Nd2 Ba6 19. Rb3 Qa5 20. e5 c4 21. Rxb8+ Rxb8
22. exf6 Bxf6 23. Be3 Bb7 24. Nxc4 Qb4 25. Nd2 Rc8 26. Qb3 Bxc3 27. bxc3 Qxb3
28. Nxb3 Rxc3 29. Nd4 Bxd5 30. Ra1 e5 31. a5 exd4 32. Bxd4 Rd3 33. Bf6 Kf8 34.
a6 Ke8 35. a7 Ba8 36. Rb1 Kd7 37. Rb8 Rd1+ 38. Kh2 Bd5 39. a8=Q Bxa8 40. Rxa8
Ke6 41. Bh4 f6 42. Bg3 h5 43. h4 g5 44. Rd8 gxh4 45. Bxh4 Rd4 46. Bg3 h4 47.
Rxd6+ Rxd6 48. Bxd6 Kxd6 49. Kh3 Ke6 50. Kxh4 Kf5 51. Kg3 Kg5 52. Kf3 Kf5 53.
g4+ Kg5 54. Kg3 f5 55. f4+ Kg6 56. g5 Kh5 57. Kf3 Kg6 58. Ke3 Kf7 59. Kd4 Ke6
60. Kc5 Kd7 61. Kd5 Ke7 62. Ke5 Kf7 63. Kxf5 Kg7 64. g6 Kg8 65. Kg5 Kg7 66. f5
Kg8 67. f6 Kf8 68. Kf5 Kg8 69. Ke6 Kf8 70. Kd7 Kg8 71. Ke7 Kh8 72. f7 Kg7 73.
f8=Q+ Kxg6 74. Qf4 Kg7 75. Qg4+ Kh7 76. Kf7 1-0

[Event "Titled Tue 26th Aug Late"]
[Site "chess.com INT"]
[Date "2025.08.26"]
[Round "9"]
[White "Ellison, Jeremy"]
[Black "Hariharan, Shambavi"]
[Result "0-1"]
[WhiteTitle "CM"]
[BlackTitle "WCM"]
[WhiteElo "1819"]
[BlackElo "2069"]
[WhiteFideId "241000030"]
[BlackFideId "488160"]
[EventDate "2025.08.26"]

1. d4 Nf6 2. Nc3 e6 3. Bf4 a6 4. e3 c5 5. g4 cxd4 6. exd4 Qa5 7. a3 Nd5 8. Bd2
Nxc3 9. Bxc3 Qb6 10. Bg2 d5 11. Ne2 Bd6 12. Qd2 Nc6 13. f3 Bd7 14. h4 O-O-O 15.
O-O-O f6 16. h5 Rhe8 17. f4 Kb8 18. Rhe1 Rc8 19. Qd3 Qc7 20. Kb1 Bxf4 21. Nxf4
Qxf4 22. Bf3 h6 23. Rf1 Qd6 24. Bd2 Ka8 25. Rde1 Re7 26. Rc1 Rce8 27. c3 Rd8 28.
Bg2 Bc8 29. Bf4 Qd7 30. Bf3 e5 31. dxe5 fxe5 32. Bh2 e4 33. Qe3 exf3 34. Qxf3
Ree8 35. Rfd1 Qxg4 36. Qf2 Qe4+ 37. Ka1 Rf8 38. Qg3 Be6 39. Qxg7 Rg8 40. Qxh6
Bg4 41. Re1 Qg2 42. Bc7 Rc8 43. Bb6 Rh8 44. Qg5 Rhg8 45. Qh6 Qf3 46. Rf1 Qe4 47.
Rfe1 Qf5 48. Rf1 Qxh5 49. Qd6 Qg6 50. Rf6 Qg5 51. Rcf1 Rge8 52. Rg6 Qh5 53. Rg1
Be2 54. Rh6 Qf3 55. Rf6 Qe4 56. Rf4 Qd3 57. Rd4 Qc2 58. Rf4 Bc4 59. Rf2 Qb3 60.
Kb1 Qa2+ 61. Kc1 Qa1+ 62. Kc2 Qxg1 63. Rf8 Qg2+ 64. Rf2 Qe4+ 65. Kc1 Qe1+ 66.
Kc2 Re2+ 67. Rxe2 Qxe2+ 68. Kb1 Qd1# 0-1

[Event "Titled Tue 26th Aug Late"]
[Site "chess.com INT"]
[Date "2025.08.26"]
[Round "9"]
[White "Ebrahimi Herab, Hamidreza"]
[Black "Ferreira, Vitor Hugo Vieira"]
[Result "1-0"]
[WhiteTitle "FM"]
[WhiteElo "2385"]
[BlackElo "2128"]
[WhiteFideId "22512888"]
[BlackFideId "2119765"]
[EventDate "2025.08.26"]

1. d4 Nf6 2. c4 g6 3. Nc3 Bg7 4. e4 d6 5. Be2 O-O 6. Bg5 c6 7. h4 h5 8. Nf3 a6
9. e5 Ng4 10. Ne4 dxe5 11. dxe5 Qa5+ 12. Qd2 Qxd2+ 13. Kxd2 Re8 14. Rhf1 Nxe5
15. Rae1 Nbd7 16. Kc1 Nxf3 17. gxf3 Ne5 18. f4 Ng4 19. Bd1 Bf5 20. Ng3 e6 21. f3
Nf6 22. Nxf5 exf5 23. Bc2 Nh7 24. Be7 Rac8 25. Re2 Rc7 26. Rfe1 Bf6 27. Bxf6
Rxe2 28. Rxe2 Nxf6 29. b3 Kf8 30. Kd2 Re7 31. Rf2 Nd7 32. Kc3 Re3+ 33. Kd4 Re6
34. c5 Re1 35. b4 Ra1 36. Bb3 Rh1 37. Kc3 Rxh4 38. Rd2 Nf6 39. Rd8+ Kg7 40. Rb8
Rxf4 41. Rxb7 Nd5+ 42. Bxd5 cxd5 43. Rd7 Rxf3+ 44. Kd4 Rf1 45. c6 Rd1+ 46. Kc5
Rc1+ 47. Kb6 h4 48. Rxd5 Rxc6+ 49. Kxc6 f4 50. Rd3 g5 51. Kd5 g4 52. Ke4 f3 53.
Ke3 f5 54. a4 Kg6 55. b5 h3 56. Kf2 h2 57. Rd1 axb5 58. axb5 Kg5 59. Kg3 f4+ 60.
Kxh2 Kf5 61. b6 g3+ 62. Kg1 Kg4 63. b7 Kh3 64. b8=Q f2+ 65. Kf1 1-0

[Event "Titled Tue 26th Aug Late"]
[Site "chess.com INT"]
[Date "2025.08.26"]
[Round "9"]
[White "Kavyev, Ruslan"]
[Black "Jasinski, Alexander"]
[Result "0-1"]
[WhiteTitle "FM"]
[WhiteElo "2179"]
[BlackElo "2063"]
[WhiteFideId "34110981"]
[BlackFideId "55627994"]
[EventDate "2025.08.26"]

1. Nf3 Nf6 2. c4 g6 3. Nc3 Bg7 4. e4 d6 5. d4 O-O 6. Be2 e5 7. d5 a5 8. Bg5 Na6
9. Nd2 h6 10. Be3 Nd7 11. g4 c6 12. h4 cxd5 13. cxd5 Ndc5 14. h5 g5 15. a3 Bd7
16. O-O Rb8 17. Bb5 Bxb5 18. Nxb5 Qd7 19. a4 Nd3 20. Nc4 Nab4 21. f3 Rfc8 22.
Nb6 Qd8 23. Nxc8 Rxc8 24. Qb3 Rc2 25. Na3 Rxb2 26. Qc3 Re2 27. Bf2 Bf8 28. Nb5
Rc2 29. Qb3 Qf6 30. Be3 Re2 31. Bb6 Qf4 32. Bf2 Qxf3 33. Kh2 Rxf2+ 34. Rxf2
Qxf2+ 35. Kh1 Qf3+ 36. Kh2 Qf4+ 37. Kh1 Qxe4+ 38. Kh2 Qe2+ 39. Kh1 Qxg4 40. Ra2
Qxh5+ 41. Kg2 Qg4+ 42. Kf1 Qf3+ 43. Kg1 e4 44. Rg2 e3 45. Nd4 Qe4 46. Ne2 Bg7
47. Ng3 Qf3 48. Qc4 Qd1+ 49. Kh2 Nf2 50. Qc8+ Bf8 51. Rg1 e2 52. Rxd1 exd1=Q 53.
Qf5 Ng4+ 54. Kh3 Ne3 55. Qe4 Qg4+ 56. Qxg4 Nxg4 57. Kxg4 Nxd5 58. Nf5 Nc3 59.
Kh5 Nxa4 60. Ng3 Nc3 61. Nf5 a4 62. Ne3 a3 63. Nc2 a2 64. Na1 Na4 65. Nc2 d5 66.
Kg4 d4 67. Nxd4 a1=Q 68. Nf5 Qg1+ 69. Kh5 Qh2+ 70. Nh4 Qxh4# 0-1

[Event "Titled Tue 26th Aug Late"]
[Site "chess.com INT"]
[Date "2025.08.26"]
[Round "9"]
[White "Baches Garcia, Guillermo"]
[Black "Goldin, Roman"]
[Result "1/2-1/2"]
[WhiteTitle "IM"]
[BlackTitle "FM"]
[WhiteElo "2305"]
[BlackElo "2284"]
[WhiteFideId "2209764"]
[BlackFideId "2803860"]
[EventDate "2025.08.26"]

1. Nf3 Nf6 2. d4 b5 3. Bg5 Bb7 4. Nbd2 d5 5. e3 a6 6. Bd3 e6 7. c3 c5 8. Ne5 Be7
9. Qf3 Nbd7 10. O-O Nxe5 11. dxe5 Nd7 12. Bxe7 Qxe7 13. Qg3 h5 14. f4 h4 15. Qg4
O-O-O 16. a4 c4 17. Bc2 b4 18. Nf3 f6 19. Nd4 f5 20. Qe2 b3 21. Bd1 Nc5 22. Qe1
g5 23. fxg5 Rdg8 24. Nf3 h3 25. g3 Nd3 26. Qd2 Rxg5 27. Nxg5 Qxg5 28. Bf3 Nxe5
29. Qd4 Qg7 30. Bh1 Rg8 31. Rad1 Qc7 32. Rf4 Ng4 33. Qd2 Qc5 34. Re1 Rg5 35. Rd4
Rg6 36. Qe2 Qd6 37. Qf3 Qe5 38. Rd2 Kb8 39. Qf4 Qxf4 40. exf4 Kc7 41. Bf3 Kd6
42. Bxg4 Rxg4 43. Kf2 Bc6 44. a5 Rg7 45. Ke3 Rb7 46. Kd4 Rb5 47. Rde2 Bd7 48.
Ra1 Rb7 49. Ra3 Rb8 50. Re5 Rg8 51. Ra1 Ra8 52. Rae1 Rb8 53. Ra1 Rb5 54. Ra3 Rb7
55. Re3 Rb8 56. Re1 Rg8 57. Re5 Rg6 58. Re3 Rg4 59. Re5 Rg8 60. Re1 Rb8 61. Raa1
Rb5 62. Re3 Rb8 63. Re5 Rc8 64. Re3 Rb8 65. Ra3 Rc8 66. Re5 Rb8 67. Re1 Rb5 68.
Re3 Rb7 69. Ra1 Rb8 1/2-1/2

[Event "Titled Tue 26th Aug Late"]
[Site "chess.com INT"]
[Date "2025.08.26"]
[Round "9"]
[White "Gustafsson, Jan"]
[Black "Przybylski, Wojciech"]
[Result "1-0"]
[WhiteTitle "GM"]
[BlackTitle "FM"]
[WhiteElo "2591"]
[BlackElo "2340"]
[WhiteFideId "4625498"]
[BlackFideId "1117599"]
[EventDate "2025.08.26"]

1. Nf3 Nf6 2. c4 c6 3. Nc3 d5 4. e3 e6 5. Qc2 Nbd7 6. b3 Bd6 7. Bb2 O-O 8. Be2
Re8 9. O-O Qe7 10. d4 a6 11. e4 dxe4 12. Nxe4 Ba3 13. Nxf6+ Nxf6 14. Rfe1 Bd7
15. Bd3 Rad8 16. Rad1 Bxb2 17. Qxb2 c5 18. d5 Bc8 19. h3 Qc7 20. dxe6 Bxe6 21.
Ng5 Bc8 22. Bb1 Rxd1 23. Rxd1 Qf4 24. Qc1 Qxc1 25. Rxc1 Re2 26. Rd1 Bd7 27. Kf1
Re8 28. Nxh7 Bc6 29. Nxf6+ gxf6 30. Rd6 Kg7 31. Bd3 a5 32. a4 Rh8 33. f3 Re8 34.
Kf2 Rh8 35. Be4 Bxe4 36. fxe4 Re8 37. Kf3 Re7 38. Rb6 Rc7 39. Rb5 Rd7 40. Ke3
Re7 41. Rxc5 Kg6 42. Rxa5 Rd7 43. Rd5 Re7 44. h4 Rc7 45. h5+ Kg7 46. a5 Rc6 47.
Kd4 Re6 48. g4 Ra6 49. b4 Kh6 50. Rf5 Kg7 51. Rb5 Rd6+ 52. Ke3 Rd7 53. Rb6 Re7
54. Kf4 Rc7 55. c5 Rd7 56. b5 Rc7 57. c6 bxc6 58. Rxc6 Rd7 59. b6 Rd1 60. b7
Rf1+ 61. Ke3 Re1+ 62. Kd3 Rd1+ 63. Ke2 Rd8 64. a6 Re8 65. Kf3 f5 66. exf5 f6 67.
h6+ Kxh6 68. Rxf6+ Kg5 69. Rg6+ Kh4 70. Kf4 Re4+ 71. Kxe4 1-0